| 000 | 00911nam a2200313 i 4500 | ||
|---|---|---|---|
| 001 | 000005857 | ||
| 003 | DO-SdBNP | ||
| 005 | 20230531130426.0 | ||
| 007 | ta | ||
| 008 | 090824s1979 dr 001 0 spa d | ||
| 040 |
_aDO-SdBNP _bspa _cBNPHU _erda |
||
| 082 |
_a332 _bA837m _222 |
||
| 100 | _923790 | ||
| 111 |
_aAsociación Latinoamericana de Instituciones Financieras _cAsamblea General. Reunión Ordinaria _d(1979 : _983480 |
||
| 245 | 1 | 0 | _aNuevos enfoques de la banca de fomento para la década del ochenta |
| 264 |
_aSanto Domingo : _bBanco Central, _c1979 |
||
| 300 |
_a547 paginas. ; _c26 cm. |
||
| 336 |
_2rdacontent _atexto _btxt |
||
| 337 |
_2rdamedia _asin mediación _bn |
||
| 338 |
_2rdacarrier _avolumen _bnc |
||
| 590 | _aInventariado, 2023/ DG | ||
| 650 | _97337 | ||
| 650 | _913091 | ||
| 650 | 4 | _916470 | |
| 650 | _916517 | ||
| 650 | _916432 | ||
| 910 | _aDG | ||
| 942 |
_2ddc _cLBS1 |
||
| 999 |
_c53660 _d53660 |
||